000 00713nam a2200229Ia 4500
005 20241129111028.0
008 241129s9999||||xx |||||||||||||| ||und||
020 _a9789389373479
037 _aTB
040 _aCRL
_bhin
_cCRL
041 _ahin
_2hin
084 _aO152,6x R2
_qCRL
100 _aखरे, शिरीष, ले.
245 0 _aएक देश बारह दुनिया
_cखरे, शिरीष, ले.
250 _aतीसरा संस्करण
260 _aदिल्ली, भारत
_bराजपाल
_c2022
300 _a206पृ0
365 _aINR
_b295
650 _aHindi Prose
942 _cTB
_hO152,6x R2
999 _c1228608
_d1228608